[Event "POL-chT U20 2nd League"]
[Site "Sypniewo"]
[Date "2025.06.19"]
[Round "2.86"]
[White "Kordowski, Lukasz"]
[Black "Klisowski, Bartosz"]
[Result "0-1"]
[WhiteElo "1746"]
[BlackElo "1879"]
[PlyCount "52"]
[EventDate "2025.06.18"]
[EventType "team-swiss"]
[EventRounds "9"]
[EventCountry "POL"]
[SourceTitle "CB27_2025"]
[SourceDate "2025.07.02"]
[SourceVersion "1"]
[SourceVersionDate "2025.07.02"]
[SourceQuality "1"]
[WhiteTeam "Ciepłownia Rydułtowy II"]
[BlackTeam "Wratislavia"]
[WhiteTeamCountry "POL"]
[BlackTeamCountry "POL"]

1. e4 c5 2. Nf3 d6 3. d4 cxd4 4. Nxd4 Nf6 5. Nc3 Nc6 6. Bg5 e6 7. Be2 Be7 8. 0-0 a6 9. Be3 Bd7 10. g4 Nxd4 11. Qxd4 h6 12. f4 Qc7 13. e5 Nd5 14. Nxd5 exd5 15. e6 Bxe6 16. Qxg7 0-0-0 17. f5 Rdg8 18. Qd4 Bd7 19. Qxd5 Bf6 20. c4 Re8 21. Qd2 Rhg8 22. Rac1 Bc6 23. b4 Qe7 24. b5 Qxe3+ 25. Qxe3 Rxe3 26. Kf2 Rge8 0-1